Odpowiedź zaczyna się na "R" - Statystyki

Ogólne statystyki
  • Ten quiz został rozwiązany 19 383 razy
    18 581 od ostatniego zresetowania
  • Średni wynik to 13 z 25
Statystyki odpowiedzi
Pytanie Odpowiedź % Poprawnych
Stolicą którego kraju jest Bukareszt? Rumunia
97%
Jak brzmi tytuł filmu animowanego studia Pixar o szczurze, który marzył by zostać kucharzem? Ratatuj
95%
Jaką nazwę w większości wschodnich doktryn religijnych nosi wielokrotne odradzanie się człowieka po śmierci przez wstępowanie jego duszy w ciało innej istoty? Reinkarnacja
88%
Które miasto jest stolicą Województwa Podkarpackiego? Rzeszów
85%
Jaką nazwę nosi najwyższy szczyt w Polsce? Rysy
82%
Jaką nazwę nosi okres w historii kultury europejskiej w XIV–XVI w. charakteryzujący się rozwojem myśli racjonalistycznej? Renesans
73%
W którym państwie doszło do krwawego konfliktu pomiędzy plemieniem Hutu i Tutsi? Rwanda
70%
Jak miał na imię pięściarz grany przez Sylwestra Stallone? Rocky
66%
Jak nazywa się głosowanie w określonej sprawie, w którym biorą udział wszyscy obywatele mający czynne prawo wyborcze? Referendum
61%
W jakiej konkurencji lekkoatletyki specjalizuje się Paweł Fajdek? Rzut młotem
57%
Jak miał na nazwisko 32 prezydent USA z czasów drugiej wojny światowej? Roosevelt
55%
Pod jaką nazwą figuruje kierunek filozoficzny przyznający rozumowi główną bądź wyłączną rolę w procesie poznania? Racjonalizm
54%
Jaką nazwę nosi waluta Indii? Rupia
48%
Jaką nazwę nosi nauka o językach i literaturach romańskich, zwłaszcza o języku francuskim i literaturze francuskiej? Romanistyka
45%
Pod jaką nazwą często określa się okres w historii Polski trwający umownie od 1138 roku do koronacji Władysława Łokietka w roku 1320? Rozbicie dzielnicowe
40%
Jak w wojsku polskim od XV do XVIII wieku określało się dowódcę roty piechoty lub chorągwi jazdy? Rotmistrz
36%
Jak brzmi tytuł znanej serii survival horrorów produkcji Capcom? Resident Evil
31%
Jak brzmi jedna z nazw przyrządu włączanego w obwody elektryczne w celu zmniejszenia natężenia prądu? Rezystor
31%
W którym amerykańskim stanie dzieje się akcja serialu animowanego Familly Guy? Rhode Island
31%
Jak miał na nazwisko nazistowski feldmarszałek, który dorobił się przydomku "Lis Pustyni"? Rommel
31%
Jak brzmi tytuł popularnego japońskiego horroru o klątwie rzuconej przez Sadako Yamamurę? Ring
30%
Jaką nazwą określa się odpowiedzialność majątkową sprzedawcy lub wykonawcy za wady rzeczy stanowiącej przedmiot transakcji? Rękojmia
27%
Jak brzmiała potoczna nazwa państwa niemieckiego, istniejącego w latach 1919-1933? Republika Weimarska
22%
Jaką nazwą określa się rzemieślnika trudniącego się wyrabianiem przedmiotów ze skóry, zwłaszcza uprzęży, siodeł? Rymarz
20%
Jak brzmi nazwa popularnej gry planszowej, której celem jest podbój całego świata? Ryzyko
12%
Nie znaleziono quizów pasujących do podanych kryteriów
Rozkład punktacji
Procent ludzi z każdym wynikiem
Percentyl według liczby udzielonych odpowiedzi
Twoja historia wyników
Nie rozwiązałeś tego quizu od ostatniego zresetowania